अभिजात सत्यजित राय यांची चित्रसंपदा (Record no. 469016)

MARC details
000 -LEADER
fixed length control field 00743nam a2200157Ia 4500
008 - FIXED-LENGTH DATA ELEMENTS--GENERAL INFORMATION
fixed length control field 100204s9999 xx 000 0 und d
082 ## - DEWEY DECIMAL CLASSIFICATION NUMBER
Item number 23843
100 ## - MAIN ENTRY--PERSONAL NAME
Personal name दासगुप्ता चितानंद
245 ## - TITLE STATEMENT
Title अभिजात सत्यजित राय यांची चित्रसंपदा
260 ## - PUBLICATION, DISTRIBUTION, ETC. (IMPRINT)
Name of publisher, distributor, etc "ग्रंथाली प्रकाशन , मुंबई"
Date of publication, distribution, etc 1997 2
300 ## - PHYSICAL DESCRIPTION
Extent 160
630 ## - SUBJECT ADDED ENTRY--UNIFORM TITLE
Uniform title अभिजात सत्यजित राय यांची चित्रसंपदा
700 ## - ADDED ENTRY--PERSONAL NAME
Personal name नांदगावकर सुधीर
730 ## - ADDED ENTRY--UNIFORM TITLE
Uniform title अभिजात सत्यजित राय यांची चित्रसंपदा
942 ## - ADDED ENTRY ELEMENTS (KOHA)
Koha item type Book
Holdings
Withdrawn status Lost status Damaged status Not for loan Home library Current library Date acquired Cost, normal purchase price Total Checkouts Full call number Barcode Date last seen Cost, replacement price Price effective from Koha item type
        N. C. Kelkar Sarvajanik Library, Mulund N. C. Kelkar Sarvajanik Library, Mulund 10/10/1999 150.00   23843 NCKMULUND-23843 02/04/2010 150.00 02/04/2010 Book